000 01434nam a2200409 a 4500
999 _c461
_d461
001 8435670
003 ALUPE UN
005 20210614104451.0
006 m o d
007 cr unu
008 070307s2006 nju o 001 0 eng d
020 _a0321336399
020 _a9780321336392
035 _aocm85789298
037 _aCL0500000007
_bSafari Books Online
039 _aexclude
040 _aUMI
_cUN ALUPE
_dAEU
050 4 _aHD69
_b.P75 G52 2007
082 _aHD69
_b.P75 G52 2007
090 _aInternet Access
_bAEU
100 1 _aGibbs, R. Dennis.
245 1 0 _aProject management with the IBM Rational Unified Process
_h[electronic resource] :
_blessons from the trenches /
_cR. Dennis Gibbs.
260 _aUpper Saddle River, N.J. :
_bIBM Press/Pearson,
_c2006.
300 _a1 online resource.
336 _atext
_btxt
_2rdacontent
337 _acomputer
_bc
_2rdamedia
338 _aonline resource
_bcr
_2rdacarrier
500 _aIncludes index.
506 _aAccess restricted to authorized users and institutions.
650 0 _aProject management.
650 0 _aInformation technology
_xManagement.
650 0 _aComputer software
_xDevelopment.
650 0 _aSoftware engineering.
856 4 0 _3University of Alberta Access
_uhttps://go.oreilly.com/university-of-alberta/library/view/-/0321336399/?ar
_z(Unlimited Concurrent Users)
_zfrom Safari
942 _2lcc
_cBK
_nDO
949 _hUAIN
_zSAFARI